000
00239nam a22001217a 4500
008
170602b xxu||||| |||| 00| 0 eng d
041
_a
eng
080
_a
93
100
_a
17
101
_a
SHH
245
_a
ANDERSON, TH
942
_2
udc
_c
BK
999
_c
15571
_d
15571